<?xml version="1.0" encoding="UTF-8"?>
<resp>
  <nextPage>https://data.bn.org.pl/api/networks/bibs.marcxml?marc=001+b00001150003409&amp;sinceId=1150003410</nextPage>
  <collection>
    <record xmlns='http://www.loc.gov/MARC21/slim'><leader>01152namZa2200337ZiZ4500</leader><controlfield tag='001'>b00001150003409</controlfield><controlfield tag='005'>20241203214549.6</controlfield><controlfield tag='008'>230609s        pl           |000 0 pol c</controlfield><controlfield tag='009'>9913262265705606</controlfield><datafield ind1=' ' ind2=' ' tag='035'><subfield code='a'>KR_1KR_1_20120317225845066976-48omnis_kr</subfield></datafield><datafield ind1=' ' ind2=' ' tag='035'><subfield code='a'>KR_1_20120317225845066976</subfield><subfield code='9'>ExL</subfield></datafield><datafield ind1=' ' ind2=' ' tag='035'><subfield code='a'>(PL)b00001150003409</subfield></datafield><datafield ind1=' ' ind2=' ' tag='040'><subfield code='a'>KR_1</subfield><subfield code='c'>KR_1</subfield></datafield><datafield ind1='1' ind2=' ' tag='041'><subfield code='a'>pol</subfield><subfield code='h'>eng</subfield></datafield><datafield ind1='1' ind2=' ' tag='100'><subfield code='a'>Shakespeare, William</subfield></datafield><datafield ind1='1' ind2='0' tag='245'><subfield code='a'>Troilus i Cressida /</subfield><subfield code='c'>William Shakespeare ; przekł. Maciej Słomczyński ; [posł. Juliusz Kydryński].</subfield></datafield><datafield ind1=' ' ind2=' ' tag='260'><subfield code='a'>Kraków :</subfield><subfield code='b'>Wydaw. Literackie,</subfield><subfield code='c'>1978.</subfield></datafield><datafield ind1=' ' ind2=' ' tag='300'><subfield code='a'>335 s.:</subfield><subfield code='b'>il.;</subfield><subfield code='c'>22 cm</subfield></datafield><datafield ind1='1' ind2=' ' tag='490'><subfield code='a'>Seria Dawnej Literatury Angielskiej.</subfield></datafield><datafield ind1=' ' ind2=' ' tag='500'><subfield code='a'>p</subfield></datafield><datafield ind1=' ' ind2='9' tag='650'><subfield code='a'>Komedia angielska</subfield><subfield code='y'>16-17 w.</subfield></datafield><datafield ind1='1' ind2=' ' tag='700'><subfield code='a'>Słomczyński, Maciej</subfield><subfield code='e'>Tł.</subfield></datafield><datafield ind1='1' ind2=' ' tag='700'><subfield code='a'>Kydryński, Juliusz.</subfield><subfield code='e'>Posł.</subfield></datafield><datafield ind1=' ' ind2=' ' tag='852'><subfield code='b'>48OMNIS_NETWORK</subfield><subfield code='8'>9913262265705606</subfield></datafield><datafield ind1=' ' ind2=' ' tag='852'><subfield code='b'>48FAR_UGD</subfield><subfield code='8'>991000184009708343</subfield></datafield><datafield ind1=' ' ind2=' ' tag='852'><subfield code='b'>48OMNIS_KR</subfield><subfield code='8'>991000034079708216</subfield></datafield><datafield ind1=' ' ind2=' ' tag='852'><subfield code='8'>22831926730008343</subfield><subfield code='j'>1</subfield><subfield code='b'>BHUM</subfield><subfield code='p'>1101156079</subfield><subfield code='c'>60000</subfield></datafield></record>
  </collection>
</resp>
